[Event "11th Vellmar Open 2019"]
[Site "Vellmar GER"]
[Date "2019.07.06"]
[Round "4.20"]
[White "Fuss,Jean-Pierre"]
[Black "Kersten,U"]
[Result "0-1"]
[BlackTitle "FM"]
[WhiteElo "1957"]
[BlackElo "2248"]
[WhiteFideId "16232240"]
[BlackFideId "4615646"]
[EventDate "2019.07.04"]

1. Nf3 c5 2. g3 Nc6 3. Bg2 g6 4. c4 Bg7 5. Nc3 b6 6. d3 Bb7 7. O-O Nf6 8. Ne1
O-O 9. Nc2 e6 10. Bg5 h6 11. Bxf6 Qxf6 12. f4 Qe7 13. e4 f5 14. e5 d6 15. d4
cxd4 16. Nxd4 Nxd4 17. Bxb7 Qxb7 18. Qxd4 dxe5 19. fxe5 Rfd8 20. Qe3 Qc7 0-1

[Event "11th Vellmar Open 2019"]
[Site "Vellmar GER"]
[Date "2019.07.06"]
[Round "4.21"]
[White "Wuestehube,H"]
[Black "Meyner,H"]
[Result "0-1"]
[WhiteElo "1887"]
[BlackElo "2213"]
[WhiteFideId "24614084"]
[BlackFideId "4664205"]
[EventDate "2019.07.04"]

1. e4 c5 2. Nc3 e6 3. f4 d5 4. Bb5+ Bd7 5. Bxd7+ Qxd7 6. d3 Nc6 7. Nf3 dxe4 8.
Nxe4 Be7 9. O-O Nf6 10. Qe2 O-O 11. c3 Rfd8 12. Nf2 Qc7 13. Ne5 Bd6 14. Nxc6
Qxc6 15. Ne4 Be7 16. Nxf6+ Bxf6 17. f5 e5 18. Be3 Rd7 19. Rad1 Rad8 20. Rd2 Rd5
21. Rfd1 b6 22. a3 Qd7 23. g4 Qe7 24. Qf3 Bg5 25. Bxg5 Qxg5 26. Qe4 h5 27. h3
Qh4 28. Kg2 R5d6 29. Qe3 hxg4 30. Qg3 gxh3+ 31. Qxh3 Qxh3+ 32. Kxh3 c4 33. d4
exd4 34. cxd4 Rd5 35. Kg4 Kf8 36. Kf4 Ke7 37. Ke4 Kf6 38. Rf1 b5 39. Rff2 a6 40.
Rf1 R5d6 41. d5 Re8+ 42. Kd4 Rxd5+ 0-1

[Event "11th Vellmar Open 2019"]
[Site "Vellmar GER"]
[Date "2019.07.06"]
[Round "4.22"]
[White "Frohberg,M"]
[Black "Heckmann,Torsten"]
[Result "1-0"]
[WhiteElo "2227"]
[BlackElo "1862"]
[WhiteFideId "4639308"]
[BlackFideId "24653896"]
[EventDate "2019.07.04"]

1. Nf3 Nf6 2. d4 d5 3. c4 c6 4. Nc3 g6 5. h3 Bg7 6. Bf4 O-O 7. e3 Qa5 8. Nd2
Nbd7 9. Be2 Re8 10. Nb3 Qd8 11. cxd5 Nxd5 12. Nxd5 cxd5 13. O-O Nf8 14. Rc1 Ne6
15. Bh2 Bd7 16. Qd2 Qb6 17. Nc5 Nxc5 18. Rxc5 Rac8 19. Rxd5 Bf5 20. Rb5 Qc6 21.
Rc5 Qb6 22. Rfc1 Rxc5 23. Rxc5 Rc8 24. Rxc8+ Bxc8 25. Qc3 Be6 26. b3 Bd5 27.
Qc8+ Bf8 28. Bf4 e6 29. Bh6 Qd6 30. Bc4 Bc6 31. a4 a6 32. a5 Qe7 33. f3 Be8 34.
Bxf8 Kxf8 35. Qc5 Qxc5 36. dxc5 Ke7 37. b4 Kf6 38. Kf2 Kf5 39. g3 Ba4 40. h4 Kf6
41. e4 Ke7 42. Ke3 e5 43. Bd5 Bc6 44. g4 h6 45. g5 hxg5 46. hxg5 f6 47. f4 exf4+
48. Kxf4 Bxd5 49. gxf6+ Kxf6 50. exd5 g5+ 51. Kg4 1-0

[Event "11th Vellmar Open 2019"]
[Site "Vellmar GER"]
[Date "2019.07.06"]
[Round "4.23"]
[White "Ruhl,Moritz"]
[Black "Bergauz,Avigdor"]
[Result "0-1"]
[WhiteElo "1890"]
[BlackElo "2225"]
[WhiteFideId "12960179"]
[BlackFideId "12943770"]
[EventDate "2019.07.04"]

1. Nf3 d5 2. d4 Nf6 3. Bf4 e6 4. e3 c5 5. Nbd2 Qb6 6. Qb1 Bd7 7. c4 Nc6 8. cxd5
exd5 9. dxc5 Bxc5 10. Bd3 Nb4 11. Ne5 Nxd3+ 12. Nxd3 Bf5 13. Qc2 Be7 14. Qa4+
Nd7 15. e4 dxe4 16. Nxe4 Qe6 17. f3 O-O 18. O-O Nb6 19. Qd1 Nd5 20. Qe2 Bxe4 21.
fxe4 Nxf4 22. Rxf4 Rad8 23. b3 Rd4 24. Raf1 Rfd8 25. R1f3 Qa6 26. Rxf7 Rxd3 27.
Rxd3 Bc5+ 28. Kf1 Rxd3 29. Rxb7 Rd1# 0-1

[Event "11th Vellmar Open 2019"]
[Site "Vellmar GER"]
[Date "2019.07.06"]
[Round "4.24"]
[White "Hahn,F"]
[Black "Daday,Csaba"]
[Result "1-0"]
[WhiteElo "2138"]
[BlackElo "1688"]
[WhiteFideId "24659720"]
[BlackFideId "1231995"]
[EventDate "2019.07.04"]

1. Nf3 Nf6 2. c4 b6 3. g3 c5 4. Bg2 Bb7 5. O-O g6 6. Nc3 Bg7 7. d4 cxd4 8. Qxd4
d6 9. Rd1 Nbd7 10. Be3 Rc8 11. b3 Nc5 12. Rac1 a5 13. Bh3 Ra8 14. Qd2 Nfe4 15.
Nxe4 Nxe4 16. Qd3 Nc5 17. Qc2 O-O 18. Nd4 Qc7 19. Bg2 Bxg2 20. Kxg2 Rfc8 21. Nb5
Qc6+ 22. f3 Nd7 23. Qd2 Ne5 24. Nc3 Ng4 25. Nd5 Nxe3+ 26. Qxe3 Re8 27. Qxb6 Qxb6
28. Nxb6 Rab8 29. Na4 Bh6 30. Rc2 Rec8 31. Rd5 1-0

[Event "11th Vellmar Open 2019"]
[Site "Vellmar GER"]
[Date "2019.07.06"]
[Round "4.25"]
[White "Decker,N"]
[Black "Wurst,Maximilian"]
[Result "1/2-1/2"]
[WhiteElo "2038"]
[BlackElo "1704"]
[WhiteFideId "4699670"]
[BlackFideId "16263740"]
[EventDate "2019.07.04"]

1. c4 Nf6 2. Nc3 e6 3. e4 Bb4 4. e5 Bxc3 5. dxc3 Ng8 6. Qg4 g6 7. h4 Nc6 8. Nf3
h6 9. c5 d6 10. cxd6 cxd6 11. Qf4 dxe5 12. Nxe5 Nxe5 13. Qxe5 Qf6 14. Bb5+ Kf8
15. Qd6+ Qe7 16. Bf4 Qxd6 17. Bxd6+ Kg7 18. g4 a6 19. Be2 f6 20. O-O-O b5 21.
Bf3 Ra7 22. Bc5 Rf7 23. Rd8 Ne7 24. Rxh8 Kxh8 25. Rd1 Nd5 26. Bxd5 exd5 27. Rxd5
Bxg4 28. Rd8+ Kh7 29. Ra8 Rc7 30. Bb6 Rc6 31. Rxa6 g5 32. hxg5 fxg5 33. Ra7+ Kg6
34. Bd4 h5 35. Rg7+ Kf5 36. Rf7+ Kg6 37. Rg7+ Kf5 38. Rf7+ Kg6 39. Rg7+ 1/2-1/2

[Event "11th Vellmar Open 2019"]
[Site "Vellmar GER"]
[Date "2019.07.06"]
[Round "4.26"]
[White "Knudsen,M"]
[Black "Fromm,Nick"]
[Result "1-0"]
[WhiteElo "2021"]
[BlackElo "1694"]
[WhiteFideId "1406523"]
[BlackFideId "12958026"]
[EventDate "2019.07.04"]

1. Nf3 d5 2. b3 Nf6 3. Bb2 e6 4. e3 Bd6 5. c4 c6 6. Be2 Nbd7 7. d4 O-O 8. O-O
Ne4 9. Nbd2 f5 10. Qc2 g5 11. Ne5 Qf6 12. f4 Bxe5 13. dxe5 Qh6 14. Nxe4 fxe4 15.
Bg4 gxf4 16. exf4 Nb6 17. c5 Nd7 18. Bd4 Rf7 19. f5 Qg5 20. Qe2 Rg7 21. Bh3 exf5
22. Rxf5 Qe7 23. e6 Nxc5 24. Rf7 Rxf7 25. exf7+ Qxf7 26. Bxc8 Rxc8 27. Qg4+ Qg6
28. Qxc8+ Kf7 29. Rf1+ 1-0

[Event "11th Vellmar Open 2019"]
[Site "Vellmar GER"]
[Date "2019.07.06"]
[Round "4.27"]
[White "Hilgert,V"]
[Black "Werner,Mart"]
[Result "0-1"]
[WhiteElo "1870"]
[BlackElo "2001"]
[WhiteFideId "24628484"]
[BlackFideId "4607970"]
[EventDate "2019.07.04"]

1. d4 d5 2. c4 e6 3. Nf3 c5 4. e3 Nc6 5. Nc3 Nf6 6. Be2 a6 7. a4 Be7 8. O-O O-O
9. Ne5 cxd4 10. exd4 Nxe5 11. dxe5 Nd7 12. cxd5 Nxe5 13. Be3 exd5 14. Nxd5 Be6
15. Nxe7+ Qxe7 16. Qd4 Nc6 17. Qb6 Rfd8 18. Bc5 Qg5 19. Qxb7 Bd5 20. g3 Nd4 0-1

[Event "11th Vellmar Open 2019"]
[Site "Vellmar GER"]
[Date "2019.07.06"]
[Round "4.28"]
[White "Bornholdt,Joa Max"]
[Black "Simukov,Erik"]
[Result "1/2-1/2"]
[WhiteElo "1710"]
[BlackElo "1893"]
[WhiteFideId "16253477"]
[BlackFideId "12995380"]
[EventDate "2019.07.04"]

1. d4 d5 2. c4 e6 3. Nc3 Nf6 4. cxd5 exd5 5. Bg5 c6 6. e3 Be7 7. Bd3 O-O 8. Qc2
Nbd7 9. Nf3 Re8 10. h3 Nf8 11. Bf4 Ne6 12. Bh2 g6 13. O-O Ng7 14. Rab1 Bf5 15.
b4 a6 16. a4 Bxd3 17. Qxd3 Nf5 18. Qc2 Bd6 19. Be5 Bxe5 20. Nxe5 Nd6 21. b5 axb5
22. axb5 c5 23. dxc5 1/2-1/2

[Event "11th Vellmar Open 2019"]
[Site "Vellmar GER"]
[Date "2019.07.06"]
[Round "4.29"]
[White "Rehbein,U"]
[Black "Wiegand,C"]
[Result "0-1"]
[WhiteElo "1774"]
[BlackElo "1975"]
[WhiteFideId "4681037"]
[BlackFideId "4675231"]
[EventDate "2019.07.04"]

1. b3 d6 2. f4 Nf6 3. Bb2 Nbd7 4. Nf3 g6 5. Nc3 Bg7 6. e3 c6 7. Be2 Qc7 8. g4
O-O 9. Bd3 Nxg4 10. Qe2 Nc5 11. h3 Nxd3+ 12. Qxd3 Nf6 13. O-O-O b5 14. Nh4 e5
15. Rdg1 b4 16. Ne4 Nxe4 17. Qxe4 f5 18. Qc4+ Qf7 19. Qxb4 c5 20. Qc3 Bb7 21.
Rh2 exf4 22. Qxg7+ Qxg7 23. Bxg7 Kxg7 24. exf4 Rae8 25. d3 Kf6 26. Kd2 Rf7 27.
Re2 Rfe7 28. Rxe7 Rxe7 29. Ng2 Bf3 30. Ne1 Re2+ 31. Kc3 Bd5 32. d4 Ke6 33. dxc5
dxc5 34. Nd3 Kd6 35. a3 a5 36. Re1 Rh2 37. Re3 Be4 38. Rg3 Re2 39. Kb2 Kd5 40.
Kc3 Kc6 41. Ne5+ Kb5 42. Nd3 Rh2 43. a4+ Kc6 44. Ne5+ Kd6 45. Nd3 Kd5 46. Re3
Rg2 47. Ne1 Rf2 48. Nd3 Rf1 49. Rg3 Kc6 50. Ne5+ Kc7 51. Nd3 Bxd3 52. Rxd3 Rxf4
53. Re3 Rh4 54. Re7+ Kc6 55. Re6+ Kd5 56. Re3 f4 57. Rd3+ Ke4 58. Rd8 Rxh3+ 59.
Kc4 f3 60. Kb5 f2 0-1

[Event "11th Vellmar Open 2019"]
[Site "Vellmar GER"]
[Date "2019.07.06"]
[Round "4.30"]
[White "Spiess,Th"]
[Black "Rouditser,Benjamin"]
[Result "1-0"]
[WhiteElo "1986"]
[BlackElo "1815"]
[WhiteFideId "4646959"]
[BlackFideId "12987069"]
[EventDate "2019.07.04"]

1. Nf3 d5 2. c4 c6 3. e3 Nf6 4. Nc3 Bg4 5. cxd5 Nxd5 6. d4 e6 7. h3 Bf5 8. Bc4
Nd7 9. O-O Be7 10. Qe2 O-O 11. e4 Nxc3 12. bxc3 Bg6 13. a4 Nf6 14. Bd3 h6 15.
Ne5 Bh7 16. a5 Nd7 17. f4 Nxe5 18. fxe5 c5 19. Be3 b6 20. a6 Rc8 21. Rad1 Qc7
22. Qg4 Kh8 23. h4 Qc6 24. d5 Qe8 25. d6 Bd8 26. Rf3 f6 27. Rdf1 Rg8 28. Bc4 f5
29. exf5 exf5 30. Qh3 Rf8 31. e6 Rb8 32. Bf4 b5 33. Bd5 Rb6 34. e7 Bxe7 35. dxe7
Qxe7 36. Re3 Qd7 37. Bb7 Bg8 38. Rfe1 Qd2 39. Qg3 Bf7 40. Re7 Qa2 41. Be5 Rg6
42. Qf3 Be6 43. h5 Rg4 44. Rxe6 Rf7 45. Re8+ Kh7 46. Bd5 Qd2 47. Bf4 Rxf4 48.
Qxf4 Qxf4 49. Bxf7 g6 50. Bxg6+ Kg7 51. R8e7+ Kg8 52. Rb7 Qe4 53. Rxe4 fxe4 54.
Kf2 b4 55. cxb4 c4 56. b5 c3 57. Bxe4 Kf8 58. b6 1-0

[Event "11th Vellmar Open 2019"]
[Site "Vellmar GER"]
[Date "2019.07.06"]
[Round "4.31"]
[White "Lehmann,Tim"]
[Black "Thomas,Jeremy"]
[Result "1/2-1/2"]
[WhiteElo "1967"]
[BlackElo "1717"]
[WhiteFideId "12979171"]
[BlackFideId "16214641"]
[EventDate "2019.07.04"]

1. d4 Nf6 2. Bf4 d5 3. e3 Bf5 4. c4 e6 5. Nc3 Bd6 6. Bxd6 Qxd6 7. cxd5 Nxd5 8.
Bd3 Bxd3 9. Qxd3 c6 10. Nf3 Nd7 11. O-O Nxc3 12. bxc3 h6 13. Rfd1 O-O 14. e4 c5
15. d5 1/2-1/2

[Event "11th Vellmar Open 2019"]
[Site "Vellmar GER"]
[Date "2019.07.06"]
[Round "4.32"]
[White "Powalla,K"]
[Black "Wachsmann,Elmar"]
[Result "1-0"]
[WhiteElo "1944"]
[BlackElo "1784"]
[WhiteFideId "24650668"]
[BlackFideId "12973947"]
[EventDate "2019.07.04"]

1. b3 d5 2. Bb2 c5 3. e3 Nc6 4. Nf3 Nf6 5. d3 Bg4 6. Be2 Qc7 7. h3 Bh5 8. O-O e6
9. a3 Be7 10. c4 O-O 11. Nc3 Rfd8 12. Qc2 a6 13. Nh4 Rd7 14. cxd5 Nxd5 15. Nxd5
Rxd5 16. Nf3 Rad8 17. Rad1 Qb6 18. Rfe1 h6 19. d4 cxd4 20. Nxd4 Bg6 21. Bd3 Bxd3
22. Rxd3 Nxd4 23. Rxd4 Rxd4 24. Bxd4 Qa5 25. Ra1 e5 26. Bc3 Rc8 27. b4 Qc7 28.
Rc1 e4 29. Qxe4 Bd6 30. f4 a5 31. Qd4 Bf8 32. Bb2 Qb8 33. Rxc8 Qxc8 34. bxa5 Qf5
35. Bc3 Qb5 36. Bb4 Qc6 37. Bxf8 Kxf8 38. Qd8+ Qe8 39. Qxe8+ Kxe8 40. Kf1 Kd7
41. Ke2 Kc6 42. Kd3 f5 43. g4 g6 44. gxf5 gxf5 45. e4 1-0

[Event "11th Vellmar Open 2019"]
[Site "Vellmar GER"]
[Date "2019.07.06"]
[Round "4.33"]
[White "Schulze,Nick"]
[Black "Nielsen,Michael Volstrup"]
[Result "1/2-1/2"]
[WhiteElo "1775"]
[BlackElo "1912"]
[WhiteFideId "16212312"]
[BlackFideId "1454749"]
[EventDate "2019.07.04"]

1. e4 d6 2. d4 Nf6 3. Nc3 Nbd7 4. Be3 e5 5. Nf3 Be7 6. Bc4 c6 7. O-O b5 8. dxe5
dxe5 9. Bb3 b4 10. Bxf7+ Kxf7 11. Ng5+ Kg8 12. Qd3 Nb6 13. Qe2 bxc3 14. Rad1 Qc7
15. Bxb6 Qxb6 16. Qc4+ Nd5 17. Rxd5 cxd5 18. Qxd5+ Be6 19. Qxa8+ Bf8 20. bxc3
Bxa2 21. Ra1 h6 22. Nf3 Kh7 23. Qc8 Be6 24. Qa6 Bc5 25. Qxb6 Bxb6 26. Nxe5 Rc8
27. Ra3 Rc5 28. Nd3 Rc4 29. e5 Re4 30. g3 Re2 31. Kf1 Rxc2 32. Ke1 Bc4 33. Nf4
Rxf2 34. Ra4 Bb5 35. Re4 Rxh2 36. e6 Rc2 37. Nd5 Be8 38. Kd1 Rb2 39. c4 Kg8 40.
Rf4 Ra2 41. e7 Bf7 42. Re4 Be8 43. Rf4 Bf7 44. Re4 Be8 1/2-1/2

[Event "11th Vellmar Open 2019"]
[Site "Vellmar GER"]
[Date "2019.07.06"]
[Round "4.34"]
[White "Wecke,T"]
[Black "Koronowski,Heinz-Juergen"]
[Result "1-0"]
[WhiteElo "1901"]
[BlackElo "1758"]
[WhiteFideId "24600342"]
[BlackFideId "12943762"]
[EventDate "2019.07.04"]

1. d4 Nf6 2. Bg5 d5 3. Bxf6 exf6 4. e3 Bf5 5. Bd3 Bxd3 6. Qxd3 Bd6 7. Qb5+ Nd7
8. Qxd5 Rb8 9. Qe4+ Qe7 10. Qxe7+ Kxe7 11. Ne2 Rhe8 12. Nbc3 Bb4 13. O-O Bxc3
14. Nxc3 Kf8 15. Ne2 f5 16. c4 c6 17. g3 Nf6 18. Nc3 Ne4 19. Nxe4 Rxe4 20. Rfc1
Rd8 21. c5 g5 22. Kg2 Rde8 23. Kf3 Kg7 24. Rc3 R4e7 25. b4 a6 26. a4 Ra8 27. Rb1
g4+ 28. Kg2 f6 29. b5 axb5 30. axb5 Kf7 31. bxc6 bxc6 32. Rb6 Rc7 33. Rcb3 Ke6
34. Rb7 Rac8 35. Rxc7 Rxc7 36. Rb8 Kf7 37. Rd8 Ke7 38. Rh8 Ke6 39. h4 Rd7 40. h5
Kd5 41. h6 Ke6 42. Rg8 Rc7 43. Rg7 Rxg7 44. hxg7 Kf7 45. d5 1-0

[Event "11th Vellmar Open 2019"]
[Site "Vellmar GER"]
[Date "2019.07.06"]
[Round "4.35"]
[White "Reinhardt,Johannes"]
[Black "Bieler,Janek"]
[Result "1-0"]
[WhiteElo "1838"]
[BlackElo "1725"]
[WhiteFideId "12928283"]
[BlackFideId "16214633"]
[EventDate "2019.07.04"]

1. e4 c6 2. d4 d5 3. Nc3 dxe4 4. Nxe4 Bf5 5. Ng3 Bg6 6. Nf3 Nd7 7. h4 h6 8. h5
Bh7 9. Bd3 Bxd3 10. Qxd3 Ngf6 11. Bf4 Qa5+ 12. Bd2 Qc7 13. O-O-O O-O-O 14. Kb1
e6 15. c4 Bd6 16. Ne4 Nxe4 17. Qxe4 Nf6 18. Qe2 c5 19. Bc3 Qe7 20. Ne5 Bxe5 21.
Qxe5 cxd4 22. Bxd4 Qc7 23. Qxc7+ Kxc7 24. Bxa7 Rxd1+ 25. Rxd1 Nxh5 26. Bd4 f6
27. Kc2 Nf4 28. g3 Ng6 29. b4 h5 30. a4 e5 31. Be3 f5 32. a5 f4 33. Bb6+ Kc8 34.
b5 fxg3 35. fxg3 Ne7 36. Re1 Ng6 37. Rf1 h4 38. gxh4 Rxh4 39. Rg1 Nf4 40. Rxg7
Rh2+ 41. Kc3 Rh3+ 42. Kc2 Rh2+ 43. Kb3 Rh3+ 44. Ka4 Nd3 45. Rg2 e4 46. a6 bxa6
47. bxa6 Rh1 48. Rg8+ Kd7 49. a7 Ra1+ 50. Kb5 Rb1+ 51. Ka6 Nb4+ 52. Kb7 Nd3 53.
Rd8+ Ke7 54. Rxd3 1-0

[Event "11th Vellmar Open 2019"]
[Site "Vellmar GER"]
[Date "2019.07.06"]
[Round "4.36"]
[White "Huneck,Frank"]
[Black "Tietze,M"]
[Result "1-0"]
[WhiteElo "1788"]
[BlackElo "1867"]
[WhiteFideId "24663824"]
[BlackFideId "4676335"]
[EventDate "2019.07.04"]

1. d4 d5 2. Bf4 Nf6 3. e3 e6 4. Nd2 c5 5. c3 Nc6 6. Bd3 cxd4 7. exd4 Bd6 8. Bxd6
Qxd6 9. Ngf3 O-O 10. O-O Bd7 11. Re1 Rfc8 12. Ne5 Be8 13. f4 a6 14. a4 Nd7 15.
Qg4 f5 16. Qe2 Ndxe5 17. fxe5 Qc7 18. g4 g6 19. Qg2 Kf8 20. Nf3 Nd8 21. Kh1 Nf7
22. gxf5 gxf5 23. Rg1 Ke7 24. Qg7 h6 25. Qf6+ Kd7 26. Rg7 Qd8 27. Qxh6 Qe7 28.
Qh7 Rc7 29. Rag1 Kc6 30. R1g6 b5 31. Bxf5 Kb7 32. Rxe6 Qf8 33. Rf6 Kb8 34. e6 1-0

[Event "11th Vellmar Open 2019"]
[Site "Vellmar GER"]
[Date "2019.07.06"]
[Round "4.37"]
[White "Moeckel,Jens"]
[Black "Niedenthal,R"]
[Result "1-0"]
[WhiteElo "1859"]
[BlackElo "1682"]
[WhiteFideId "16202830"]
[BlackFideId "24627216"]
[EventDate "2019.07.04"]

1. d4 Nf6 2. c4 c5 3. d5 b5 4. a4 bxc4 5. Nc3 d6 6. e4 Nbd7 7. f4 g6 8. Nf3 Qc7
9. Bxc4 Bg7 10. e5 dxe5 11. Nb5 Qb8 12. d6 O-O 13. fxe5 a6 14. dxe7 Re8 15. exf6
Bxf6 16. Bxf7+ Kxf7 17. Nd6+ Kxe7 18. Nxe8 Kxe8 19. O-O Qb6 20. Qe2+ Kd8 21. Re1
Bb7 22. Bf4 Kc8 23. Rad1 Bc6 24. Qe8+ Bd8 25. Rd6 Ra7 26. Bg5 c4+ 27. Be3 Qc7
28. Rxc6 Qxc6 29. Bxa7 Qb7 30. Bd4 Qd5 31. Qe4 Qa5 32. Qc6+ Qc7 33. Qxc7+ Kxc7
34. Rc1 1-0

[Event "11th Vellmar Open 2019"]
[Site "Vellmar GER"]
[Date "2019.07.06"]
[Round "4.38"]
[White "Kuschel,Heidi"]
[Black "Poschadel,Andreas Gregor"]
[Result "0-1"]
[WhiteElo "1736"]
[BlackElo "1809"]
[WhiteFideId "12974587"]
[BlackFideId "16204948"]
[EventDate "2019.07.04"]

1. Nf3 d5 2. g3 Bg4 3. Bg2 c6 4. O-O Nd7 5. b3 e5 6. d3 Bd6 7. Bb2 Ngf6 8. Nbd2
O-O 9. e4 Re8 10. Re1 Qc7 11. Qc1 Rad8 12. a3 a5 13. Nf1 Nf8 14. Ne3 Bc8 15. Nd2
Be6 16. c4 d4 17. Nd1 N6d7 18. Qc2 f6 19. f3 Ng6 20. Nf2 b6 21. Rf1 Bf7 22. Nh3
Ndf8 23. Rf2 Be6 24. Raf1 Qd7 25. g4 h5 26. Kh1 hxg4 27. fxg4 Bxg4 28. Ng1 Qe7
29. a4 Ne6 30. Bf3 Bxf3+ 31. Rxf3 Bb4 32. Rg3 Ngf4 33. Ndf3 Kf7 34. Bc1 Bd6 35.
Nh4 Rg8 36. Nf5 Qd7 37. Nf3 Bf8 38. Rfg1 g6 39. Bxf4 Nxf4 40. N5h4 Bh6 41. Qd1
Qd6 42. Qf1 Rde8 43. Ng2 Nh5 44. Rh3 Rh8 45. Ngh4 Nf4 46. Rhg3 g5 47. Nf5 Qb4
48. Qd1 Ke6 49. Ne1 Kd7 50. Ng2 Ne6 51. Rf1 Bf8 52. Rgf3 Nc5 53. R1f2 Qa3 54.
Qb1 Qxb3 55. Rb2 Qc3 56. Rxb6 Nxe4 57. Rb7+ Ke6 58. Qe1 Qxe1+ 59. Nxe1 Nc5 60.
Rc7 Nd7 61. Rxc6+ Kf7 62. Nd6+ Bxd6 63. Rxd6 Ke7 64. Rc6 Ra8 65. Nc2 Rhc8 66.
Rxc8 Rxc8 67. Na3 Nc5 68. Nb5 Nxa4 69. Rf2 Nc5 70. Rd2 Rb8 71. Kg2 a4 72. Kf3 a3
73. Ke2 Nb3 74. Nxa3 Nxd2 75. Kxd2 Rh8 0-1

[Event "11th Vellmar Open 2019"]
[Site "Vellmar GER"]
[Date "2019.07.06"]
[Round "4.39"]
[White "Kanbach,Mike"]
[Black "Silini,Jalel"]
[Result "1-0"]
[WhiteElo "1826"]
[BlackElo "1650"]
[WhiteFideId "12974536"]
[BlackFideId "16215397"]
[EventDate "2019.07.04"]

1. Nf3 Nf6 2. d4 d5 3. e3 e6 4. Bd3 c5 5. c3 b6 6. Nbd2 Ba6 7. Bxa6 Nxa6 8. Qa4+
Qd7 9. Qxa6 c4 10. Ne5 Qc7 11. Qa4+ Nd7 12. Qxd7+ Qxd7 13. Nxd7 Kxd7 14. e4 Be7
15. O-O b5 16. Re1 a5 17. Nf3 Bf6 18. exd5 exd5 19. Ne5+ Bxe5 20. Rxe5 Kc6 21.
Bd2 Rhe8 22. Rxe8 Rxe8 23. Re1 Rxe1+ 24. Bxe1 a4 25. Bd2 h6 26. g4 g5 27. f4 f6
28. Kg2 Kd6 29. Kg3 Ke6 30. h4 gxh4+ 31. Kxh4 Kf7 32. Kh5 Ke7 33. f5 Kf7 34.
Kxh6 Kf8 35. Kg6 Ke7 36. g5 fxg5 37. Bxg5+ Ke8 38. f6 Kf8 39. f7 a3 40. Kf6 axb2
41. Bh6# 1-0

[Event "11th Vellmar Open 2019"]
[Site "Vellmar GER"]
[Date "2019.07.06"]
[Round "4.41"]
[White "Ruhl,Marcel"]
[Black "Meyer,Marcel"]
[Result "1-0"]
[WhiteElo "1653"]
[BlackElo "1796"]
[WhiteFideId "12960195"]
[BlackFideId "12997234"]
[EventDate "2019.07.04"]

1. c4 c6 2. Nc3 d5 3. cxd5 cxd5 4. d4 Nc6 5. Nf3 Nf6 6. Bf4 Bf5 7. e3 e6 8. Bb5
a6 9. Bxc6+ bxc6 10. Qa4 Qb6 11. Ne5 Rc8 12. O-O Be7 13. Rfc1 O-O 14. Nd1 c5 15.
dxc5 Bxc5 16. a3 h6 17. b4 Bd6 18. Nc6 e5 19. Bxe5 Bd7 20. Bxd6 Bxc6 21. Rxc6
Rxc6 22. Bxf8 Kxf8 23. Qb3 Qc7 24. h3 Kg8 25. Nb2 Qe5 26. Rd1 Qh5 27. Nd3 Ne4
28. Nf4 Qh4 29. Qb2 Nc3 30. Rd3 Na4 31. Qd2 Nb6 32. Nxd5 Nc4 33. Qe2 Qg5 34. Rd4
Nxa3 35. Nf4 Rc1+ 36. Kh2 Rc2 37. Qd3 g6 38. Qxa3 Rxf2 39. Qa5 Qf6 40. Qd8+ Kg7
41. Qxf6+ Kxf6 42. Rd6+ Kf5 43. Rxa6 Ke4 44. b5 Kxe3 45. Nd5+ Kd4 46. Nc7 Rb2
47. Rf6 Kc5 48. Kg3 Rc2 49. b6 Rb2 50. Na6+ Kd5 51. Nb8 Kc5 52. Nd7+ Kd5 53. Nf8
Ke5 54. Nd7+ Kd5 55. Rxf7 Ke6 56. Rg7 Rb3+ 57. Kh4 Rb4+ 58. g4 h5 59. b7 g5+ 60.
Kxh5 1-0

[Event "11th Vellmar Open 2019"]
[Site "Vellmar GER"]
[Date "2019.07.06"]
[Round "4.42"]
[White "Powalla,Christian"]
[Black "Kroemer,Alexander"]
[Result "1-0"]
[WhiteElo "1816"]
[BlackElo "1641"]
[WhiteFideId "24658413"]
[BlackFideId "12974676"]
[EventDate "2019.07.04"]

1. e4 e5 2. Nf3 Nc6 3. Bc4 Nf6 4. d4 exd4 5. e5 d5 6. Bb5 Nd7 7. Bxc6 bxc6 8.
Qxd4 Ba6 9. Nc3 Nb6 10. Qg4 h5 11. Qg3 Qd7 12. Bg5 Be7 13. Bxe7 Qxe7 14. Qxg7
O-O-O 15. Qg5 Qb4 16. Qd2 d4 17. Nd1 Qe7 18. Qa5 Kb7 19. Qa3 Qe6 20. b3 d3 21.
c4 d2+ 22. Kf1 Nxc4 23. Qb4+ Nb6+ 24. Kg1 Rd3 25. Ne3 Rhd8 26. Rd1 f5 27. h3 f4
28. Qxf4 Nd5 29. Nxd5 Qxd5 30. Kh2 Rd7 31. e6 Qxe6 32. Rxd2 Rxd2 33. Nxd2 Rf7
34. Qb4+ Ka8 35. Nf3 Be2 36. Re1 Re7 37. Qf4 Qd7 38. Nd4 Bb5 39. Qf8+ Kb7 1-0

[Event "11th Vellmar Open 2019"]
[Site "Vellmar GER"]
[Date "2019.07.06"]
[Round "4.43"]
[White "Thomasson,S"]
[Black "Muenk,Johannes"]
[Result "0-1"]
[WhiteElo "1876"]
[BlackElo "1685"]
[WhiteFideId "1706284"]
[BlackFideId "16241983"]
[EventDate "2019.07.04"]

1. c4 c5 2. Nf3 Nc6 3. e3 e6 4. Nc3 Nge7 5. d4 cxd4 6. exd4 d5 7. Bg5 f6 8. Bf4
Ng6 9. Bg3 Bb4 10. Rc1 e5 11. a3 Bxc3+ 12. Rxc3 e4 13. cxd5 Qxd5 14. Bc4 Qh5 15.
Qe2 Kd8 16. Nd2 Qxe2+ 17. Bxe2 Nxd4 18. Bc7+ Kd7 19. Bg4+ f5 20. Bh5 Nb5 21. Ba5
Nxc3 22. Bxc3 Nf4 23. Bf7 Rf8 24. Bc4 g6 25. O-O a6 26. Bg7 Re8 27. Rc1 b5 28.
Ba2 Ne2+ 29. Kf1 Nxc1 30. Bd5 Ra7 31. b4 Kd6 0-1

[Event "11th Vellmar Open 2019"]
[Site "Vellmar GER"]
[Date "2019.07.06"]
[Round "4.45"]
[White "Michels,Fabio"]
[Black "Ziegenfuss,Larissa"]
[Result "1/2-1/2"]
[WhiteElo "1720"]
[BlackElo "1756"]
[WhiteFideId "16223780"]
[BlackFideId "12974722"]
[EventDate "2019.07.04"]

1. c4 c5 2. g3 Nc6 3. Bg2 g6 4. Nc3 Bg7 5. a3 d6 6. d3 e5 7. e3 Nge7 8. Nge2 O-O
9. O-O Be6 10. Rb1 Qd7 11. b4 Rab8 12. Nd5 Nf5 13. b5 Nce7 14. Bd2 Nh6 15. Nec3
b6 16. e4 Bxd5 17. Nxd5 Nxd5 18. exd5 f5 19. f4 exf4 20. Bxf4 Ng4 21. Qd2 Bd4+
22. Kh1 Rfe8 23. h3 Ne3 24. Rfe1 Nxg2 25. Kxg2 Be5 26. Bg5 Bd4 27. Rxe8+ Rxe8
28. Re1 Kf7 29. Re2 Bc3 30. Qc2 Bd4 31. Qd1 Bc3 32. Qf1 Rxe2+ 33. Qxe2 Bf6 34.
Bh6 Be5 35. h4 Qe7 36. Kf3 Qd7 37. a4 Qc8 38. Bf4 Kf6 39. Bg5+ Kf7 40. Qa2 Qc7
41. a5 Qb8 42. axb6 axb6 43. Bh6 Bc3 44. Qa3 Be5 45. Qa2 Qd8 1/2-1/2